| 000 | 00623nam a2200217Ia 4500 | ||
|---|---|---|---|
| 003 | GCL | ||
| 005 | 20240530104118.0 | ||
| 008 | 140319s9999 xx 000 0 ara d | ||
| 040 |
_aGCL / _cGCL |
||
| 082 | 0 | 4 |
_a614.547/ _bش أ |
| 110 | 0 | _aاسترن | |
| 245 | 1 | 0 |
_aالامراض الجنسية : _bاوبئة مقنعة/ _cاسترن |
| 260 |
_aقبرص : _bاسترن، _c1988. |
||
| 300 |
_a96 ص. : _bصور ؛ _c19 سم. |
||
| 490 |
_aسلسلة اسرتى _v0 |
||
| 650 | 0 | 4 | _aالايدز |
| 650 | 0 | 4 | _aالامراض التناسلية |
| 650 | 0 | 4 | _aالزهرى |
| 650 | 0 | 4 | _aالسيلان |
| 942 |
_2ddc _cBK |
||
| 999 |
_c44688 _d44688 |
||